00766nam a2200217Ia 450000500170000000800410001702000180005804000180007604100080009408200220010210000200012424501770014425000120032126000490033330000310038265000400041365000310045365000240048470000200050870000200052820251209092047.0210716s2007 xx 000 0 und d a9788126517589 cAIMIT LIBRARY aeng a005.762 21bSHMG aShmueli, Galit. aData mining for business intelligence : bconcepts techniques and applications in microsoft office excel with XLminer /cBy Galit Shmueli , Patel Nitin R and Bruce Peter C. a1st ed. aNew Delhi :bJohn Willy & Sons,Inc. ,c2007. axviii, 279p. ;c23 cm.bPB aOverview of the data mining process aMultiple linear regression aLogistic regression aPatel, Nitin R. aBruce, Peter C.